Missing Word: 9-Letter Movie Words Quiz Stats

 Plays Quiz Updated Aug 1, 2012

Support Sporcle.
Go Orange.
Score 0/20 Timer 03:00
2 Plays Today
Film 9-Letter Word % Correct
How the Grinch Stole ________Christmas
96.2%
Alvin and the ________Chipmunks
96.1%
Willy Wonka & the ________ FactoryChocolate
95.5%
There's ________ About MarySomething
94.7%
The Nutty ________Professor
89.7%
What to Expect When You're ________Expecting
87.4%
A ________ MindBeautiful
83.2%
It's a ________ LifeWonderful
81.7%
North by ________Northwest
81.4%
An Officer and a ________Gentleman
74.9%
Film 9-Letter Word % Correct
Being John ________Malkovich
74.2%
Bill & Ted's ________ AdventureExcellent
71.9%
Pan's ________Labyrinth
67.8%
X-Men Origins: ________Wolverine
58.8%
________ Dumbo DropOperation
44.1%
Terminator ________Salvation
44%
Double ________Indemnity
39.8%
________ MindsDangerous
39.6%
________ on a TrainStrangers
35.8%
All About the ________Benjamins
34.2%

Today's Daily Dose

Word Ladder
ING Words

Get the Picture
Nearest Volcano

From the Vault

Five Decade Movie Medley II

by Year_of_Glad

Movies 7m
From back in the day when the sign still read: Hollywoodland.
Remove Ads.
Support Sporcle.
Get the best of Sporcle when you Go Orange. This ad-free experience offers more features, more stats, and more fun while also helping to support Sporcle. Thank you for becoming a member.

Show Comments

Extras

Top Quizzes Today


Score Distribution

Your Account Isn't Verified!

In order to create a playlist on Sporcle, you need to verify the email address you used during registration. Go to your Sporcle Settings to finish the process.

Report this User

Report this user for behavior that violates our Community Guidelines.

Details: